000 00912nam a22002417a 4500
999 _c20904
_d20904
005 20200309103205.0
008 200309b xxu||||| |||| 00| 0 spa d
020 _a9789589891568
040 _aCO-BoIAVH
_cCO-BoIAVH
041 _aspa
044 _ack
082 _a333.91716
_bC81a
110 _aCorporación Autónoma Regional del Atlántico CRA
245 _aAgenda azul del Atlántico
_bDel ordenamiento al diálogo de saberes y a la acción productiva sostenible
_cCorporación Autónoma Regional del Atlántico C.R.A
260 _aBarranquilla:
_bConsorcio Agenda Azul 2018,
_c2019.
300 _a205 páginas,
_bFotografías, mapas y gráficas
_c28.5 24.7 cm
504 _aReferencia bibliográficas página 205
650 0 _aBiotecnología
650 0 _aTurismo sostenible
650 0 _aEconomía azul
651 0 _aAtlántico, Colombia
942 _2ddc
_cLIBRO